|
|
|
|
| LEADER |
00000cam a22000002c 4500 |
| 001 |
1650910819 |
| 003 |
DE-627 |
| 005 |
20251225205725.0 |
| 007 |
tu |
| 008 |
900702s1986 xx ||||| 00| ||eng c |
| 020 |
|
|
|a 0898852560
|9 0-89885-256-0
|
| 035 |
|
|
|a (DE-627)1650910819
|
| 035 |
|
|
|a (DE-576)020859333
|
| 035 |
|
|
|a (DE-599)BSZ020859333
|
| 035 |
|
|
|a (OCoLC)12262151
|
| 035 |
|
|
|a (DE-604)8004793730
|
| 040 |
|
|
|a DE-627
|b ger
|c DE-627
|e rakwb
|
| 041 |
|
|
|a eng
|
| 082 |
0 |
|
|a 616.89
|
| 100 |
1 |
|
|8 1\p
|a Masserman, Jules H.
|d 1905-
|0 (DE-588)119122936
|0 (DE-627)079917429
|0 (DE-576)216927501
|4 aut
|
| 109 |
|
|
|a Masserman, Jules H. 1905-
|
| 245 |
1 |
0 |
|a Psychiatry and health
|b a comprehensive integration
|c Jules H. Masserman
|
| 264 |
|
1 |
|a New York
|b Human Sciences Pr.
|c 1986
|
| 300 |
|
|
|a 253 S.
|
| 336 |
|
|
|a Text
|b txt
|2 rdacontent
|
| 337 |
|
|
|a ohne Hilfsmittel zu benutzen
|b n
|2 rdamedia
|
| 338 |
|
|
|a Band
|b nc
|2 rdacarrier
|
| 583 |
1 |
|
|a Archivierung prüfen
|c 20200919
|f DE-640
|z 1
|2 pdager
|
| 689 |
0 |
0 |
|d s
|0 (DE-588)4047667-4
|0 (DE-627)104826258
|0 (DE-576)209074299
|a Psychiatrie
|2 gnd
|
| 689 |
0 |
|
|5 (DE-627)
|
| 883 |
|
|
|8 1\p
|a cgwrk
|d 20241001
|q DE-101
|u https://d-nb.info/provenance/plan#cgwrk
|
| 951 |
|
|
|a BO
|
| ELC |
|
|
|b 1
|
| LOK |
|
|
|0 000 xxxxxcx a22 zn 4500
|
| LOK |
|
|
|0 001 3340101086
|
| LOK |
|
|
|0 003 DE-627
|
| LOK |
|
|
|0 004 1650910819
|
| LOK |
|
|
|0 005 19900702000000
|
| LOK |
|
|
|0 008 900702||||||||||||||||ger|||||||
|
| LOK |
|
|
|0 040
|a DE-21
|c DE-627
|d DE-21
|
| LOK |
|
|
|0 852
|a DE-21
|
| LOK |
|
|
|0 852 1
|c KB 18 A 1693
|9 00
|
| LOK |
|
|
|0 935
|a krim
|
| LOK |
|
|
|0 936ln
|a k1
|
| LOK |
|
|
|0 939
|a 02-07-90
|b l01
|
| ORI |
|
|
|a SA-MARC-krimdoka001.raw
|
| SIG |
|
|
|a UB: KB 18 A 1693
|